000 00532nam a2200169Ia 4500
008 090711s9999 xx 000 0 und d
082 _b1186
100 _aवाळिंबे सुरेशSांद्र
245 _aसंशय
260 _bयोगीता प्रकाशन
_c1997
300 _a118
600 _aवाळिंबे सुरेशSांद्र
630 _aसंशय
700 _aवाळिंबे सुरेशSांद्र
730 _aसंशय
942 _cBOOK
999 _c324679
_d324679